LeBron James - Statistics

General Stats
  • This quiz has been taken 351 times
  • The average score is 9 of 15
Answer Stats
Question Answer % Correct
What state is he from Ohio
97%
What city is he from Akron
88%
how many finals MVPs 3
86%
How many MVPs has he won 4
85%
What number did he first wear? 23
79%
Which he chamged to 6
78%
2nd Spurs
72%
3rd Warriors
69%
When he went to the Miami Heat
55%
1st team he beat in the finals Thunder
48%
Middle name Raymone
39%
What rival did he never play in the finals Kobe Bryant
28%
What anylist thinks he is overrated Skip Bayless
27%
Nickname Chosen one
12%
Who was his favorite player growing up? Julius Erving
4%
No matching quizzes found
Score Distribution
Percent of People with Each Score
Percentile by Number Answered
Your Score History
You have not taken this quiz